LEADER 00951nam 2200337 n 450 001 996391709103316 005 20221108001404.0 035 $a(CKB)1000000000670623 035 $a(Uk-ES)t098021 035 $a(EEBO)2240932318 035 $a(UnM)9959335100971 035 $a(EXLCZ)991000000000670623 100 $a20790922d1711 uy 101 0 $aeng 135 $aurbn||||a|bb| 200 10$aCounter queries$b[electronic resource] 210 $a[London? $cs.n.$d1711?] 215 $a1 sheet (2 p.) 300 $aCaption title. 300 $aAuthor and publication information from NUC pre-1956 imprints. 300 $aReproduction of original in the British Library. 330 $aeebo-0018 700 $aDefoe$b Daniel$f1661?-1731.$069634 801 0$bUk-ES 801 1$bUk-ES 801 2$bCStRLIN 801 2$bCu-RivES 906 $aBOOK 912 $a996391709103316 996 $aCounter queries$92426442 997 $aUNISA LEADER 02041nas 2200577- 450 001 996581515803316 005 20230522010532.0 011 $a2691-4581 035 $a(DE-599)ZDB3049188-5 035 $a(OCoLC)1149924015 035 $a(CKB)5590000000001764 035 $a(CONSER)--2020200138 035 $a(EXLCZ)995590000000001764 100 $a20200410a20209999 --- a 101 0 $aeng 135 $aur||||||||||| 181 $ctxt$2rdacontent 182 $cc$2rdamedia 183 $acr$2rdacarrier 200 00$aIEEE transactions on artificial intelligence 210 1$aPiscataway, NJ :$cInstitute of Electrical and Electronics Engineers, Inc. :$cIEEE Computational Intelligence Society,$d[2020]- 215 $a1 online resource 300 $aRefereed/Peer-reviewed 517 1 $aTransactions on artificial intelligence 517 1 $aArtificial intelligence 517 1 $aITAICB 517 1 $aAI 517 1 $aTAI 517 1 $aIEEE TAI 517 1 $aInstitute of Electrical and Electronics Engineers transactions on artificial intelligence 531 0 $aIEEE trans. artif. intell. 606 $aComputational intelligence$vPeriodicals 606 $aArtificial intelligence$vPeriodicals 606 $aComputational intelligence$2fast$3(OCoLC)fst00871995 606 $aArtificial intelligence$2fast$3(OCoLC)fst00817247 608 $aPeriodicals.$2fast 615 0$aComputational intelligence 615 0$aArtificial intelligence 615 7$aComputational intelligence. 615 7$aArtificial intelligence. 676 $a006.3 712 02$aInstitute of Electrical and Electronics Engineers. 712 02$aIEEE Computational Intelligence Society. 712 02$aIEEE Computer Society. 712 02$aIEEE Signal Processing Society. 712 02$aIEEE Systems, Man, and Cybernetics Society. 712 02$aIEEE Robotics and Automation Society. 906 $aJOURNAL 912 $a996581515803316 996 $aIEEE transactions on artificial intelligence$92292545 997 $aUNISA